"Germany" in All Featured Languages - Statistics

General Stats
  • This quiz has been taken 64 times
  • The average score is 5 of 9
Answer Stats
Language Name % Correct
English Germany
100%
German Deutschland
89%
French Allemagne
69%
Spanish Alemania
65%
Italian Germania
56%
Polish Niemcy
49%
Dutch Duitsland
47%
Portuguese Alemanha
40%
Finnish Saksa
33%
No matching quizzes found
Score Distribution
Percent of People with Each Score
Percentile by Number Answered
Your Score History
You have not taken this quiz